| 000 -GUIDE |
| Champ de contrôle de longueur fixe |
01375nam a22002657a 4500 |
| 003 - IDENTITÉ DU NUMÉRO DE CONTRÔLE |
| Champ de contrôle |
BI-BuBU |
| 008 - ÉLÉMENTS DE LONGUEUR FIXE - RENSEIGNEMENTS GÉNÉRAUX |
| Champ de contrôle de longueur fixe |
130114t2009 bd ||||dr|||| 00| 0 fre d |
| 037 ## - SOURCE D'ACQUISITION |
| Source d'acquisition et du numéro d'inventaire |
Don de l'auteur |
| 039 ## - NIVEAU DE CONTRÔLE BIBLIOGRAPHIQUE ET HISTORIQUE D'ENCODAGE [OBSOLETE] |
| Date creation |
20130114161848.0 |
| Nom catalographe |
Nshimirimana Anne-Marie |
| Date modification |
20140710083159.0 |
| Nom catalographe |
Béatrice Barankeba |
| 040 ## - SOURCE DU CATALOGAGE |
| Organisme qui a effectué le catalogage original |
BI-BuBU |
| Code de la langue utilisée dans le catalogage |
fre |
| Organisme qui a effectué la transcription |
BI-BuBU |
| Organisme qui a effectué la modification |
BI-BuBU |
| 041 0# - CODE DE LANGUE |
| Code de langue du texte/de la piste sonore ou du titre distinct |
fre |
| 080 ## - INDICE DE LA CLASSIFICATION DÉCIMALE UNIVERSELLE (CDU) |
| Indice de la Classification décimale universelle |
628.19 |
| 100 1# - VEDETTE PRINCIPALE - NOM DE PERSONNE |
| Code de relation |
aut |
| Nom de personne |
Miburo, Jean-Baptiste |
| 245 10 - MENTION DU TITRE |
| Titre |
Contribution à l'étude de l'impact de la pollution des eaux de la rivière Kamenge sur celle de la rivière Ntahangwa |
| Mention de responsabilité, etc. |
Jean Baptiste Miburo ; Nahimana David, directeur |
| 260 ## - PUBLICATION, DIFFUSION, ETC. (ADRESSE BIBLIOGRAPHIQUE) |
| Lieu de publication, diffusion, etc. |
Bujumbura |
| Nom de l'éditeur, diffuseur, etc. |
Université du Burundi, Institut de Pédagogie Appliquée |
| Date of publication, distribution, etc |
2009 |
| 300 ## - DESCRIPTION MATÉRIELLE |
| Collation |
VI-58 f. |
| Dimensions |
29 cm. |
| 500 ## - NOTE GÉNÉRALE |
| Note générale |
mémoire présenté et défendu publiquement en vue de l'obtention du diplôme de Licence en Pédagogie Appliquée, Agrégé de l'Enseignement Secondaire en Chimie. |
| 650 #7 - VEDETTE-MATIÈRE - NOM COMMUN |
| Source du terme |
BI-BuBU |
| Vedette de sujet ou vedette comportant un nom géographique |
Eaux |
| 9 (RLIN) |
64731 |
| Subdivision générale |
Pollution |
| -- |
Impact |
| -- |
Kamenge (Rivière) : Eau |
| -- |
Pollution |
| Subdivision géographique |
Ntahangwa (Rivière) |
| 655 #7 - TERME D'INDEXATION - GENRE OU FORME |
| Source du terme |
BI-BuBU |
| Données ou terme dominant sur le genre ou la forme |
Mémoire |
| 9 (RLIN) |
94059 |
| 700 ## - VEDETTE SECONDAIRE - NOM DE PERSONNE |
| Code de relation |
drt |
| Nom d'auteur |
Nahimana, David |
| 9 (RLIN) |
64732 |
| 710 1# - VEDETTE SECONDAIRE - NOM DE COLLECTIVITÉ |
| Code de relation |
aut |
| Nom de la collectivité ou nom de lieu comme élément de classement |
Université du Burundi |
| Collectivité subordonnée |
Institut de Pédagogie Appliquée |
| 9 (RLIN) |
64733 |
| 942 ## - ÉLÉMENTS D'ENTRÉE ADDITIONNELLE (KOHA) |
| Source de la classification ou du système de rangement |
|
| Type d item koha |
Memoire |